| 000 | 00643nam a22001937a 4500 | ||
|---|---|---|---|
| 005 | 20150317121735.0 | ||
| 008 | 130912t sp||||| |||| 00| 0 spa d | ||
| 020 | _a8476587538 | ||
| 050 | 0 | 4 |
_aHM261 _bM86 2005 |
| 100 | 1 | _aMuñoz, Blanca | |
| 245 | 1 | 0 |
_aModelos culturales : _bteoría sociopolítica de la cultura / |
| 250 | _a1a ed. | ||
| 260 |
_aBarcelona, España : _bAnthropos , UAM, _c2005 |
||
| 300 |
_a333 p. ; _c20 cm. |
||
| 440 | 0 |
_aPensamiento crítico / Pensamiento utópico , _vno. 152 |
|
| 504 | _aBibliografía 309-318 p. e índice | ||
| 650 | 4 |
_aCultura _xCultura política _xAspectos sociológicos |
|
| 942 |
_2lcc _cLIB |
||
| 999 |
_c90056 _d90056 |
||